UM Logo
Normal view MARC view
  • language and languages

Entry Topical Term

Number of records used in: 1

001 - CONTROL NUMBER

  • control field: 40771

003 - CONTROL NUMBER IDENTIFIER

  • control field: OSt

005 - DATE AND TIME OF LATEST TRANSACTION

  • control field: 20191205081752.0

008 - FIXED-LENGTH DATA ELEMENTS

  • fixed length control field: 191205|| aca||aabn | a|a d

040 ## - CATALOGING SOURCE

  • Original cataloging agency: OSt
  • Transcribing agency: OSt

150 ## - HEADING--TOPICAL TERM

  • Topical term or geographic name entry element: language and languages
  • General subdivision: Spoken fluency.

670 ## - SOURCE DATA FOUND

  • Source citation: Work cat.: (OSt)14687: 40528 Lanir, Lesley., Spoken fluency- putting it into words/, cApr-Oct 2011.